000 00715nam a2200241 i 4500
001 C2-0309775
003 PPAK
005 20180728100926.0
008 110602s2005 io |||| ||||| | may d
020 _a979333035X
040 _aPPAK
_beng
_cPPAK
_erda
082 0 4 _a959.804
_223
090 0 0 _a959.804
_bHAD
_dKMI
100 1 _aHadiz, Vedi R.,
_eauthor
245 1 0 _aDinamika kekuasaan :
_bekonomi politik Indonesia pasca-Soeharto
264 1 _aJakarta, Indonesia :
_bPustaka LP3ES Indonesia ,
_c2005
300 _axxxiii, 331 pages ;
_c23 cm
336 _2rdacontent
_atext
337 _2rdamedia
_aunmediated
338 _2rdacarrier
_avolume
650 1 0 _aIndonesian - Politics, 2000-.
942 _ddc
_cB
999 _c112298
_d112298